The accounting review: (Record no. 2053)
[ view plain ]
| 000 -LEADER | |
|---|---|
| fixed length control field | 00585nam a2200157 4500 |
| 008 - FIXED-LENGTH DATA ELEMENTS--GENERAL INFORMATION | |
| fixed length control field | 160427b xxu||||| |||| 00| 0 eng d |
| 022 ## - INTERNATIONAL STANDARD SERIAL NUMBER | |
| International Standard Serial Number | 00014826 |
| 082 ## - DEWEY DECIMAL CLASSIFICATION NUMBER | |
| Edition number | Sept 2015 v. 90, n. 5 |
| Classification number | DPer 657.05 |
| Item number | Ac27 |
| 245 ## - TITLE STATEMENT | |
| Title | The accounting review: |
| Remainder of title | a journal of American accounting association/ |
| Statement of responsibility, etc. | Mark L. DeFond, senior editor. |
| 260 ## - PUBLICATION, DISTRIBUTION, ETC. (IMPRINT) | |
| Place of publication, distribution, etc. | Sarasota, Florida: |
| Name of publisher, distributor, etc. | American Accounting Association, |
| Date of publication, distribution, etc. | c2015. |
| 300 ## - PHYSICAL DESCRIPTION | |
| Extent | various paging; |
| Dimensions | 25 cm. |
| 500 ## - GENERAL NOTE | |
| General note | The Accounting Review. |
| 650 #0 - SUBJECT ADDED ENTRY--TOPICAL TERM | |
| 9 (RLIN) | 6613 |
| Topical term or geographic name as entry element | Accounting |
| Form subdivision | Periodicals |
| 700 ## - ADDED ENTRY--PERSONAL NAME | |
| 9 (RLIN) | 6614 |
| Personal name | DeFond, Mark L. |
| Relator term | Editor |
| 942 ## - ADDED ENTRY ELEMENTS (KOHA) | |
| Source of classification or shelving scheme | Dewey Decimal Classification |
| Koha item type | Periodicals |
| Withdrawn status | Lost status | Source of classification or shelving scheme | Materials specified (bound volume or other part) | Damaged status | Not for loan | Collection code | Home library | Current library | Date acquired | Source of acquisition | Total Checkouts | Full call number | Barcode | Date last seen | Price effective from | Koha item type | Public note |
|---|---|---|---|---|---|---|---|---|---|---|---|---|---|---|---|---|---|
| Dewey Decimal Classification | Vol. 90, No. 5 | Periodicals | UM Digos College - LIC | UM Digos College - LIC | 03/21/2016 | Purchased | DPer 657.05 Ac27 Sept 2015 v. 90, n.5 | 00002 | 02/27/2018 | 04/27/2016 | Periodicals | Bound periodical | |||||
| Dewey Decimal Classification | Vol. 90, No. 6 | Periodicals | UM Digos College - LIC | UM Digos College - LIC | 06/15/2017 | Purchased | DPer 657.05 Ac27 Nov 2015 v. 90, n. 6 | 00003 | 06/15/2017 | 06/15/2017 | Periodicals | Bound periodical |
